000 00256nam a2200109Ia 4500
008 220204s9999 xx 000 0 und d
082 _a82-3
_bCHR
100 _aChristie, Agatha
245 0 _aDestination unknown
260 _aLondon
_bPan
_c1976
942 _cBK
999 _c29239
_d29239